[Event "Campeonato España Sub 14"]
[Site "Salobreña"]
[Date "2017.07.20"]
[Round "6"]
[White "Ayensa Garcia, Miguel Angel"]
[Black "Aledo Yanguas, David"]
[Result "1/2-1/2"]
[Board "22"]
[WhiteClock "1:30"]
[WhiteElo "1663"]
[WhiteCountry "ESP"]
[WhiteFideId "32079818"]
[WhiteEloChange "7"]
[BlackClock "1:30"]
[BlackElo "1992"]
[BlackCountry "ESP"]
[BlackFideId "22287108"]
[BlackEloChange "-7"]

1. c4 {[%clk 1:30:00]} Nf6 {[%clk 1:30:00]} 2. Nc3 {[%clk 1:31:00]} e6 {[%clk
1:30:00]} 3. g3 {[%clk 1:31:00]} d5 {[%clk 1:30:00]} 4. Bg2 {[%clk 1:31:00]} c6
{[%clk 1:29:00]} 5. Nf3 {[%clk 1:30:00]} Bd6 {[%clk 1:30:00]} 6. d3 {[%clk
1:30:00]} Nbd7 {[%clk 1:30:00]} 7. O-O {[%clk 1:29:00]} O-O {[%clk 1:29:00]} 8.
Rb1 {[%clk 1:28:00]} Nb6 {[%clk 1:27:00]} 9. Nd2 {[%clk 1:26:00]} Qc7 {[%clk
1:19:00]} 10. b4 {[%clk 1:24:00]} Be5 {[%clk 1:20:00]} 11. Bb2 {[%clk 1:24:00]}
h5 {[%clk 1:17:00]} 12. h4 {[%clk 1:22:00]} Ng4 {[%clk 1:17:00]} 13. Qe1 {[%clk
1:13:00]} Bf6 {[%clk 1:15:00]} 14. cxd5 {[%clk 0:57:00]} exd5 {[%clk 1:16:00]}
15. Nf3 {[%clk 0:57:00]} Nd7 {[%clk 1:14:00]} 16. Rc1 {[%clk 0:55:00]} Qb6 {[%clk
1:13:00]} 17. Na4 {[%clk 0:51:00]} Qd8 {[%clk 1:07:00]} 18. Bxf6 {[%clk 0:51:00]}
Qxf6 {[%clk 1:04:00]} 19. Qc3 {[%clk 0:50:00]} Qxc3 {[%clk 1:03:00]} 20. Nxc3
{[%clk 0:49:00]} Re8 {[%clk 1:03:00]} 21. e3 {[%clk 0:49:00]} Nde5 {[%clk
1:03:00]} 22. Nxe5 {[%clk 0:48:00]} Nxe5 {[%clk 1:03:00]} 23. Rcd1 {[%clk
0:47:00]} Bf5 {[%clk 1:01:00]} 24. e4 {[%clk 0:46:00]} dxe4 {[%clk 1:01:00]} 25.
dxe4 {[%clk 0:46:00]} Be6 {[%clk 1:01:00]} 26. Rd4 {[%clk 0:42:00]} Rac8 {[%clk
0:55:00]} 27. Rfd1 {[%clk 0:39:00]} c5 {[%clk 0:55:00]} 28. bxc5 {[%clk 0:39:00]}
Rxc5 {[%clk 0:55:00]} 29. Nd5 {[%clk 0:39:00]} Bg4 {[%clk 0:55:00]} 30. Re1
{[%clk 0:37:00]} Nf3+ {[%clk 0:55:00]} 31. Bxf3 {[%clk 0:36:00]} Bxf3 {[%clk
0:56:00]} 32. Nf4 {[%clk 0:35:00]} Ra5 {[%clk 0:53:00]} 33. Re3 {[%clk 0:34:00]}
Bg4 {[%clk 0:52:00]} 34. a4 {[%clk 0:34:00]} g6 {[%clk 0:52:00]} 35. Nd5 {[%clk
0:27:00]} Kg7 {[%clk 0:51:00]} 36. f3 {[%clk 0:27:00]} Be6 {[%clk 0:50:00]} 37.
Kf2 {[%clk 0:26:00]} Kf8 {[%clk 0:47:00]} 38. Nf6 {[%clk 0:25:00]} Rc8 {[%clk
0:47:00]} 39. f4 {[%clk 0:22:00]} Ke7 {[%clk 0:42:00]} 40. e5 {[%clk 0:21:00]}
Rc4 {[%clk 0:40:00]} 41. Ng8+ {[%clk 0:19:27]} Kf8 {[%clk 0:40:00]} 42. Rd8+
{[%clk 0:19:45]} Kg7 {[%clk 0:41:00]} 43. Nf6 {[%clk 0:19:43]} Rc2+ {[%clk
0:40:00]} 44. Ke1 {[%clk 0:19:43]} 1/2-1/2

[Event "Campeonato España Sub 14"]
[Site "Salobreña"]
[Date "2017.07.20"]
[Round "6"]
[White "Soto Martin, Miguel"]
[Black "Duller Llopis, Jouke"]
[Result "1/2-1/2"]
[Board "23"]
[WhiteClock "1:30"]
[WhiteElo "1881"]
[WhiteCountry "ESP"]
[WhiteFideId "32035195"]
[WhiteEloChange "-6"]
[BlackClock "1:30"]
[BlackElo "1631"]
[BlackCountry "ESP"]
[BlackFideId "32048998"]
[BlackEloChange "6"]

1. e4 {[%clk 1:30:00]} e6 {[%clk 1:30:00]} 2. Nc3 {[%clk 1:31:00]} d5 {[%clk
1:30:00]} 3. Nf3 {[%clk 1:31:00]} Nf6 {[%clk 1:31:00]} 4. e5 {[%clk 1:31:00]}
Nfd7 {[%clk 1:32:00]} 5. d4 {[%clk 1:32:00]} c5 {[%clk 1:32:00]} 6. dxc5 {[%clk
1:33:00]} Nc6 {[%clk 1:32:00]} 7. Bf4 {[%clk 1:33:00]} Bxc5 {[%clk 1:32:00]} 8.
Bd3 {[%clk 1:33:00]} f6 {[%clk 1:32:00]} 9. exf6 {[%clk 1:33:00]} Qxf6 {[%clk
1:32:00]} 10. Bg3 {[%clk 1:33:00]} Nde5 {[%clk 1:17:00]} 11. Nxe5 {[%clk
1:31:00]} Nxe5 {[%clk 1:17:00]} 12. Qh5+ {[%clk 1:29:00]} Nf7 {[%clk 1:10:00]}
13. Nb5 {[%clk 1:20:00]} Bb6 {[%clk 1:07:00]} 14. Nd6+ {[%clk 1:19:00]} Kf8
{[%clk 1:06:00]} 15. Nxf7 {[%clk 1:12:00]} Qxf7 {[%clk 1:05:00]} 16. Bd6+ {[%clk
1:12:00]} Kg8 {[%clk 1:05:00]} 17. Qe2 {[%clk 1:11:00]} Bd4 {[%clk 1:03:00]} 18.
c3 {[%clk 1:11:00]} Bf6 {[%clk 1:02:00]} 19. O-O {[%clk 1:04:00]} g6 {[%clk
1:01:00]} 20. c4 {[%clk 0:55:00]} Kg7 {[%clk 0:59:00]} 21. cxd5 {[%clk 0:43:00]}
exd5 {[%clk 0:54:00]} 22. Rac1 {[%clk 0:43:00]} Rd8 {[%clk 0:50:00]} 23. Rc7
{[%clk 0:43:00]} Rd7 {[%clk 0:49:00]} 24. Rfc1 {[%clk 0:43:00]} a6 {[%clk
0:35:00]} 25. Be5 {[%clk 0:33:00]} Re7 {[%clk 0:20:00]} 26. Bxf6+ {[%clk
0:29:00]} Kxf6 {[%clk 0:20:00]} 27. Qf3+ {[%clk 0:30:00]} Bf5 {[%clk 0:17:04]}
28. Rxe7 {[%clk 0:30:00]} Qxe7 {[%clk 0:16:37]} 29. g4 {[%clk 0:30:00]} Kg7
{[%clk 0:16:17]} 30. Bxf5 {[%clk 0:30:00]} gxf5 {[%clk 0:14:35]} 31. Qxf5 {[%clk
0:30:00]} Qd6 {[%clk 0:14:26]} 32. Re1 {[%clk 0:27:00]} Rf8 {[%clk 0:13:51]} 33.
Qg5+ {[%clk 0:27:00]} Kh8 {[%clk 0:13:58]} 34. Qe5+ {[%clk 0:27:00]} Rf6 {[%clk
0:13:01]} 35. Qxd6 {[%clk 0:24:00]} Rxd6 {[%clk 0:13:29]} 36. Rd1 {[%clk
0:24:00]} Kg7 {[%clk 0:13:49]} 37. f4 {[%clk 0:23:00]} Rb6 {[%clk 0:13:49]} 38.
Rd2 {[%clk 0:21:00]} Rb4 {[%clk 0:13:54]} 39. Rf2 {[%clk 0:19:40]} d4 {[%clk
0:12:21]} 40. Kg2 {[%clk 0:19:39]} Rc4 {[%clk 0:06:57]} 41. Kf3 {[%clk 0:19:45]}
Rc1 {[%clk 0:07:12]} 42. Rd2 {[%clk 0:19:43]} Kf6 {[%clk 0:06:05]} 43. Ke4 {[%clk
0:14:22]} Rf1 {[%clk 0:05:39]} 44. Rxd4 {[%clk 0:11:40]} Rf2 {[%clk 0:05:02]} 45.
Rd6+ {[%clk 0:12:04]} Kg7 {[%clk 0:04:58]} 46. Rb6 {[%clk 0:12:12]} Re2+ {[%clk
0:04:46]} 47. Kf5 {[%clk 0:12:34]} Re7 {[%clk 0:05:23]} 48. g5 {[%clk 0:12:37]}
Rf7+ {[%clk 0:04:29]} 49. Kg4 {[%clk 0:13:03]} Rc7 {[%clk 0:04:40]} 50. h4 {[%clk
0:13:18]} Rd7 {[%clk 0:04:15]} 51. f5 {[%clk 0:11:58]} Rd4+ {[%clk 0:04:41]} 52.
Kh5 {[%clk 0:12:48]} Rf4 {[%clk 0:04:23]} 53. Rxb7+ {[%clk 0:13:07]} Kg8 {[%clk
0:04:17]} 54. f6 {[%clk 0:12:01]} a5 {[%clk 0:03:31]} 55. b3 {[%clk 0:11:21]} a4
{[%clk 0:02:37]} 56. bxa4 {[%clk 0:11:47]} Rxa4 {[%clk 0:03:24]} 57. g6 {[%clk
0:12:08]} hxg6+ {[%clk 0:03:09]} 58. Kxg6 {[%clk 0:12:34]} Rg4+ {[%clk 0:03:33]}
59. Kh5 {[%clk 0:12:56]} Ra4 {[%clk 0:04:07]} 60. Rb2 {[%clk 0:10:14]} Kf7 {[%clk
0:03:51]} 61. Rf2 {[%clk 0:10:39]} Ra5+ {[%clk 0:03:06]} 62. Kh6 {[%clk 0:10:46]}
Ra4 {[%clk 0:02:28]} 63. Kg5 {[%clk 0:10:43]} Ra5+ {[%clk 0:02:51]} 64. Kg4
{[%clk 0:11:35]} Ra4+ {[%clk 0:03:06]} 65. Kg3 {[%clk 0:11:49]} Ra3+ {[%clk
0:03:01]} 66. Kg2 {[%clk 0:12:14]} Ra4 {[%clk 0:03:26]} 67. Kf1 {[%clk 0:12:08]}
Rxh4 {[%clk 0:04:11]} 68. Ke2 {[%clk 0:12:56]} Rh6 {[%clk 0:03:44]} 69. a4 {[%clk
0:12:52]} Rh4 {[%clk 0:03:05]} 70. a5 {[%clk 0:13:19]} Rh5 {[%clk 0:03:51]} 71.
a6 {[%clk 0:13:16]} Ra5 {[%clk 0:03:51]} 1/2-1/2

[Event "Campeonato España Sub 14"]
[Site "Salobreña"]
[Date "2017.07.20"]
[Round "6"]
[White "Del Carmen Hernandez, Aimer"]
[Black "Fernandez Garcia, Gumersindo"]
[Result "0-1"]
[Board "24"]
[WhiteClock "1:30"]
[WhiteElo "1625"]
[WhiteCountry "ESP"]
[WhiteFideId "32097034"]
[WhiteEloChange "-4"]
[BlackClock "1:30"]
[BlackElo "1861"]
[BlackCountry "ESP"]
[BlackFideId "24516740"]
[BlackEloChange "4"]

1. e4 {[%clk 1:30:00]} c5 {[%clk 1:30:00]} 2. Nf3 {[%clk 1:31:00]} g6 {[%clk
1:31:00]} 3. c3 {[%clk 1:30:00]} d5 {[%clk 1:29:00]} 4. exd5 {[%clk 1:31:00]}
Qxd5 {[%clk 1:30:00]} 5. d4 {[%clk 1:31:00]} Bg7 {[%clk 1:23:00]} 6. Be3 {[%clk
1:12:00]} cxd4 {[%clk 1:18:00]} 7. cxd4 {[%clk 1:11:00]} e6 {[%clk 1:08:00]} 8.
Nc3 {[%clk 1:09:00]} Qa5 {[%clk 1:05:00]} 9. Bc4 {[%clk 0:57:00]} Ne7 {[%clk
1:02:00]} 10. O-O {[%clk 0:38:00]} O-O {[%clk 1:01:00]} 11. Rc1 {[%clk 0:22:00]}
Nd7 {[%clk 0:54:00]} 12. Bd2 {[%clk 0:12:11]} Qd8 {[%clk 0:48:00]} 13. Ne4 {[%clk
0:05:31]} Nb6 {[%clk 0:47:00]} 14. Bb3 {[%clk 0:02:53]} Bd7 {[%clk 0:43:00]} 15.
Bg5 {[%clk 0:01:32]} h6 {[%clk 0:33:00]} 16. Bf6 {[%clk 0:01:25]} Bc6 {[%clk
0:32:00]} 17. Bxg7 {[%clk 0:01:35]} Kxg7 {[%clk 0:33:00]} 18. Qe2 {[%clk
0:01:12]} Nbd5 {[%clk 0:30:00]} 19. Rfd1 {[%clk 0:00:49]} Rc8 {[%clk 0:27:00]}
20. Nc3 {[%clk 0:00:35]} Qb6 {[%clk 0:24:00]} 21. Ne5 {[%clk 0:00:32]} Rfd8
{[%clk 0:18:55]} 22. Nxc6 {[%clk 0:00:56]} bxc6 {[%clk 0:18:55]} 23. Qe5+ {[%clk
0:00:40]} Kg8 {[%clk 0:19:17]} 24. Ne4 {[%clk 0:00:52]} Qc7 {[%clk 0:18:49]} 25.
Qxc7 {[%clk 0:00:39]} Rxc7 {[%clk 0:19:17]} 26. Nc5 {[%clk 0:00:42]} Nf5 {[%clk
0:18:40]} 27. Rd2 {[%clk 0:01:12]} Nf4 {[%clk 0:18:40]} 28. g3 {[%clk 0:01:42]}
Nxd4 {[%clk 0:18:40]} 0-1

[Event "Campeonato España Sub 14"]
[Site "Salobreña"]
[Date "2017.07.20"]
[Round "6"]
[White "Martin Barcelo, Carles"]
[Black "Atipov Hadzhiev, Cristian"]
[Result "1-0"]
[Board "25"]
[WhiteClock "1:30"]
[WhiteElo "1852"]
[WhiteCountry "ESP"]
[WhiteFideId "24561444"]
[WhiteEloChange "4"]
[BlackClock "1:30"]
[BlackElo "1618"]
[BlackCountry "ESP"]
[BlackFideId "24543810"]
[BlackEloChange "-4"]

1. e4 {[%clk 1:30:00]} c5 {[%clk 1:30:00]} 2. Nc3 {[%clk 1:31:00]} Nc6 {[%clk
1:31:00]} 3. Bb5 {[%clk 1:31:00]} Nd4 {[%clk 1:31:00]} 4. Bc4 {[%clk 1:31:00]} a6
{[%clk 1:31:00]} 5. f4 {[%clk 1:26:00]} e6 {[%clk 1:30:00]} 6. Nf3 {[%clk
1:19:00]} b5 {[%clk 1:26:00]} 7. Bd3 {[%clk 1:17:00]} Nxf3+ {[%clk 1:24:00]} 8.
Qxf3 {[%clk 1:17:00]} Ne7 {[%clk 1:23:00]} 9. f5 {[%clk 1:08:00]} Nc6 {[%clk
1:13:00]} 10. O-O {[%clk 0:56:00]} Ne5 {[%clk 0:59:00]} 11. Qh5 {[%clk 0:56:00]}
Bd6 {[%clk 0:52:00]} 12. Be2 {[%clk 0:48:00]} Qe7 {[%clk 0:42:00]} 13. d3 {[%clk
0:45:00]} Bb7 {[%clk 0:37:00]} 14. Bg5 {[%clk 0:40:00]} Qf8 {[%clk 0:35:00]} 15.
Bf4 {[%clk 0:34:00]} g6 {[%clk 0:32:00]} 16. Qh3 {[%clk 0:31:00]} gxf5 {[%clk
0:31:00]} 17. exf5 {[%clk 0:31:00]} Rg8 {[%clk 0:30:00]} 18. g3 {[%clk 0:26:00]}
c4 {[%clk 0:09:13]} 19. Bxe5 {[%clk 0:14:23]} Bxe5 {[%clk 0:09:17]} 20. Bf3
{[%clk 0:14:05]} Bxf3 {[%clk 0:04:21]} 21. Rxf3 {[%clk 0:14:31]} cxd3 {[%clk
0:03:53]} 22. fxe6 {[%clk 0:12:29]} dxe6 {[%clk 0:03:38]} 23. Rxd3 {[%clk
0:11:47]} Qc5+ {[%clk 0:03:54]} 24. Kh1 {[%clk 0:11:12]} b4 {[%clk 0:03:46]} 25.
Qxh7 {[%clk 0:05:27]} Rh8 {[%clk 0:01:22]} 26. Qe4 {[%clk 0:05:50]} Ke7 {[%clk
0:00:39]} 1-0

[Event "Campeonato España Sub 14"]
[Site "Salobreña"]
[Date "2017.07.21"]
[Round "7"]
[White "Cespedes Llaverias, Llibert"]
[Black "Henderson de La Fuente, Lance"]
[Result "0-1"]
[Board "1"]
[WhiteClock "n/a"]
[WhiteElo "1996"]
[WhiteCountry "ESP"]
[WhiteFideId "32065949"]
[WhiteEloChange "-2"]
[BlackClock "n/a"]
[BlackElo "2369"]
[BlackCountry "ESP"]
[BlackFideId "32096585"]
[BlackEloChange "2"]

1. e4 {[%clk 1:30:30]} c5 {[%clk 1:30:30]} 2. Nf3 {[%clk 1:30:30]} e6 {[%clk
1:30:30]} 3. Nc3 {[%clk 1:30:30]} a6 {[%clk 1:30:30]} 4. g3 {[%clk 1:30:30]} Nc6
{[%clk 1:30:30]} 5. Bg2 {[%clk 1:30:30]} Nf6 {[%clk 1:30:30]} 6. d4 {[%clk
1:30:30]} cxd4 {[%clk 1:30:30]} 7. Nxd4 {[%clk 1:30:30]} Qc7 {[%clk 1:30:30]} 8.
O-O {[%clk 1:30:30]} h5 {[%clk 1:30:30]} 9. Re1 {[%clk 1:30:30]} Nxd4 {[%clk
1:30:30]} 10. Qxd4 {[%clk 1:30:30]} Bc5 {[%clk 1:30:30]} 11. Bf4 {[%clk 1:30:30]}
d6 {[%clk 1:30:30]} 12. Qd2 {[%clk 1:30:30]} Ng4 {[%clk 1:30:30]} 13. Re2 {[%clk
1:30:30]} Ne5 {[%clk 1:30:30]} 14. Na4 {[%clk 1:30:30]} Ba7 {[%clk 1:30:30]} 15.
b3 {[%clk 1:30:30]} b5 {[%clk 1:30:30]} 16. Nb2 {[%clk 1:30:30]} Bb7 {[%clk
1:30:30]} 17. c4 {[%clk 1:30:30]} O-O {[%clk 1:30:30]} 18. Rc1 {[%clk 1:30:30]}
Rac8 {[%clk 1:30:30]} 19. Qd1 {[%clk 1:30:30]} Qe7 {[%clk 1:30:30]} 20. Rd2
{[%clk 1:30:30]} Ng4 {[%clk 1:30:30]} 21. h3 {[%clk 1:30:30]} Nxf2 {[%clk
1:30:30]} 22. Rxf2 {[%clk 1:30:30]} Bxf2+ {[%clk 1:30:30]} 23. Kxf2 {[%clk
1:30:30]} Qf6 {[%clk 1:30:30]} 24. e5 {[%clk 1:30:30]} dxe5 {[%clk 1:30:30]} 25.
Bxb7 {[%clk 1:30:30]} Rcd8 {[%clk 1:30:30]} 26. Qf3 {[%clk 1:30:30]} exf4 {[%clk
1:30:30]} 27. Rc2 {[%clk 1:30:30]} Rd4 {[%clk 1:30:30]} 28. c5 {[%clk 1:30:30]}
Rfd8 {[%clk 1:30:30]} 29. Re2 {[%clk 1:30:30]} Rd2 {[%clk 1:30:30]} 30. c6 {[%clk
1:30:30]} Qxb2 {[%clk 1:30:30]} 31. c7 {[%clk 1:30:30]} Rxe2+ {[%clk 1:30:30]}
32. Qxe2 {[%clk 1:30:30]} fxg3+ {[%clk 1:30:30]} 0-1

[Event "Campeonato España Sub 14"]
[Site "Salobreña"]
[Date "2017.07.21"]
[Round "7"]
[White "Gines Esteo, Pedro Antonio"]
[Black "Amador Garcia, Ismael"]
[Result "1-0"]
[Board "2"]
[WhiteClock "1:30"]
[WhiteTitle "FM"]
[WhiteElo "2375"]
[WhiteCountry "ESP"]
[WhiteFideId "32080190"]
[WhiteEloChange "2"]
[BlackClock "1:30"]
[BlackElo "1877"]
[BlackCountry "ESP"]
[BlackFideId "32040920"]
[BlackEloChange "-2"]

1. d4 {[%clk 1:30:00]} Nf6 {[%clk 1:30:00]} 2. Nf3 {[%clk 1:31:00]} g6 {[%clk
1:31:00]} 3. Bg5 {[%clk 1:31:00]} Bg7 {[%clk 1:31:00]} 4. Nbd2 {[%clk 1:31:00]}
O-O {[%clk 1:31:00]} 5. c3 {[%clk 1:31:00]} d6 {[%clk 1:30:00]} 6. e4 {[%clk
1:31:00]} h6 {[%clk 1:29:00]} 7. Bh4 {[%clk 1:30:00]} e5 {[%clk 1:27:00]} 8. dxe5
{[%clk 1:28:00]} dxe5 {[%clk 1:28:00]} 9. Be2 {[%clk 1:24:00]} Re8 {[%clk
1:24:00]} 10. O-O {[%clk 1:22:00]} b6 {[%clk 1:22:00]} 11. Re1 {[%clk 1:21:00]}
Bb7 {[%clk 1:21:00]} 12. Bf1 {[%clk 1:20:00]} Nbd7 {[%clk 1:20:00]} 13. Qc2
{[%clk 1:19:00]} Qe7 {[%clk 1:18:00]} 14. Nc4 {[%clk 1:12:00]} Kh8 {[%clk
1:11:00]} 15. Nfd2 {[%clk 1:12:00]} Qf8 {[%clk 1:04:00]} 16. f3 {[%clk 1:07:00]}
Nh5 {[%clk 0:58:00]} 17. Ne3 {[%clk 1:05:00]} Nc5 {[%clk 0:56:00]} 18. b4 {[%clk
1:03:00]} Ne6 {[%clk 0:57:00]} 19. a4 {[%clk 1:03:00]} Bf6 {[%clk 0:38:00]} 20.
Bf2 {[%clk 1:00:00]} Ng5 {[%clk 0:33:00]} 21. a5 {[%clk 0:59:00]} Nf4 {[%clk
0:32:00]} 22. Kh1 {[%clk 0:55:00]} h5 {[%clk 0:29:00]} 23. Ra2 {[%clk 0:48:00]}
Rab8 {[%clk 0:25:00]} 24. axb6 {[%clk 0:45:00]} axb6 {[%clk 0:25:00]} 25. Ra7
{[%clk 0:44:00]} Bd8 {[%clk 0:25:00]} 26. Bb5 {[%clk 0:41:00]} c6 {[%clk
0:25:00]} 27. Rxb7 {[%clk 0:38:00]} Rxb7 {[%clk 0:25:00]} 28. Bxc6 {[%clk
0:39:00]} Rc7 {[%clk 0:24:00]} 29. Bxe8 {[%clk 0:37:00]} Qxe8 {[%clk 0:24:00]}
30. Nd5 {[%clk 0:34:00]} Nxd5 {[%clk 0:18:44]} 31. exd5 {[%clk 0:35:00]} Rd7
{[%clk 0:18:43]} 32. f4 {[%clk 0:35:00]} 1-0

[Event "Campeonato España Sub 14"]
[Site "Salobreña"]
[Date "2017.07.21"]
[Round "7"]
[White "Andrade Sandoval, Bianca"]
[Black "Quispe Arteaga, Gabriel"]
[Result "0-1"]
[Board "3"]
[WhiteClock "1:30"]
[WhiteElo "1857"]
[WhiteCountry "ESP"]
[WhiteFideId "32084609"]
[WhiteEloChange "-2"]
[BlackClock "1:30"]
[BlackTitle "FM"]
[BlackElo "2231"]
[BlackCountry "ESP"]
[BlackFideId "32059809"]
[BlackEloChange "2"]

1. d4 {[%clk 1:30:00]} Nf6 {[%clk 1:30:00]} 2. Nf3 {[%clk 1:31:00]} e6 {[%clk
1:31:00]} 3. e3 {[%clk 1:31:00]} d5 {[%clk 1:31:00]} 4. c4 {[%clk 1:31:00]} Be7
{[%clk 1:31:00]} 5. Nc3 {[%clk 1:31:00]} O-O {[%clk 1:31:00]} 6. Bd3 {[%clk
1:30:00]} c5 {[%clk 1:32:00]} 7. O-O {[%clk 1:31:00]} cxd4 {[%clk 1:32:00]} 8.
Nxd4 {[%clk 1:29:00]} e5 {[%clk 1:19:00]} 9. Nf5 {[%clk 1:28:00]} e4 {[%clk
1:16:00]} 10. Nxe7+ {[%clk 1:28:00]} Qxe7 {[%clk 1:17:00]} 11. Be2 {[%clk
1:28:00]} dxc4 {[%clk 1:17:00]} 12. Bxc4 {[%clk 1:28:00]} Rd8 {[%clk 1:18:00]}
13. Qc2 {[%clk 1:26:00]} Nc6 {[%clk 1:18:00]} 14. a3 {[%clk 1:23:00]} Bg4 {[%clk
1:17:00]} 15. Be2 {[%clk 1:15:00]} Bxe2 {[%clk 1:16:00]} 16. Qxe2 {[%clk
1:15:00]} Ne5 {[%clk 0:59:00]} 17. f3 {[%clk 1:06:00]} exf3 {[%clk 0:56:00]} 18.
gxf3 {[%clk 1:06:00]} Qd7 {[%clk 0:48:00]} 19. e4 {[%clk 1:03:00]} Qh3 {[%clk
0:43:00]} 20. Bg5 {[%clk 1:00:00]} Rd3 {[%clk 0:39:00]} 21. Be3 {[%clk 0:56:00]}
Rad8 {[%clk 0:30:00]} 22. Rad1 {[%clk 0:54:00]} Rxd1 {[%clk 0:30:00]} 23. Nxd1
{[%clk 0:53:00]} Nh5 {[%clk 0:23:00]} 24. Bg5 {[%clk 0:31:00]} Rd3 {[%clk
0:20:00]} 25. Be3 {[%clk 0:30:00]} Rd6 {[%clk 0:20:00]} 0-1

[Event "Campeonato España Sub 14"]
[Site "Salobreña"]
[Date "2017.07.21"]
[Round "7"]
[White "Perez Beltran, Salvador"]
[Black "Alonso Garcia, Aaron"]
[Result "0-1"]
[Board "4"]
[WhiteClock "1:30"]
[WhiteElo "1854"]
[WhiteCountry "ESP"]
[WhiteFideId "32063008"]
[WhiteEloChange "-4"]
[BlackClock "1:30"]
[BlackElo "2119"]
[BlackCountry "ESP"]
[BlackFideId "24521060"]
[BlackEloChange "4"]

1. d4 {[%clk 1:30:00]} Nf6 {[%clk 1:30:00]} 2. Nf3 {[%clk 1:31:00]} e6 {[%clk
1:30:00]} 3. c4 {[%clk 1:31:00]} Bb4+ {[%clk 1:31:00]} 4. Nbd2 {[%clk 1:31:00]}
O-O {[%clk 1:30:00]} 5. a3 {[%clk 1:31:00]} Bxd2+ {[%clk 1:29:00]} 6. Qxd2 {[%clk
1:31:00]} b6 {[%clk 1:29:00]} 7. e3 {[%clk 1:31:00]} Bb7 {[%clk 1:27:00]} 8. Be2
{[%clk 1:31:00]} d6 {[%clk 1:26:00]} 9. O-O {[%clk 1:31:00]} a5 {[%clk 1:22:00]}
10. b3 {[%clk 1:26:00]} Nbd7 {[%clk 1:21:00]} 11. Bb2 {[%clk 1:26:00]} Qe7 {[%clk
1:21:00]} 12. Rfd1 {[%clk 1:09:00]} e5 {[%clk 1:06:00]} 13. d5 {[%clk 0:57:00]}
Ng4 {[%clk 0:45:00]} 14. e4 {[%clk 0:52:00]} Nc5 {[%clk 0:41:00]} 15. Qc2 {[%clk
0:49:00]} f5 {[%clk 0:32:00]} 16. h3 {[%clk 0:16:49]} Nxf2 {[%clk 0:28:00]} 17.
Kxf2 {[%clk 0:13:21]} fxe4 {[%clk 0:29:00]} 18. Kg1 {[%clk 0:06:45]} exf3 {[%clk
0:29:00]} 19. Bxf3 {[%clk 0:07:08]} Bc8 {[%clk 0:28:00]} 20. b4 {[%clk 0:06:16]}
Bf5 {[%clk 0:28:00]} 21. Qc3 {[%clk 0:04:39]} Na4 {[%clk 0:28:00]} 22. Qb3 {[%clk
0:04:38]} Nxb2 {[%clk 0:28:00]} 23. Qxb2 {[%clk 0:05:04]} Bxh3 {[%clk 0:29:00]}
24. Qe2 {[%clk 0:03:45]} Bf5 {[%clk 0:28:00]} 25. Rf1 {[%clk 0:03:10]} Qh4 {[%clk
0:26:00]} 26. Rae1 {[%clk 0:01:00]} axb4 {[%clk 0:21:00]} 27. axb4 {[%clk
0:01:23]} Qd4+ {[%clk 0:21:00]} 28. Rf2 {[%clk 0:00:35]} e4 {[%clk 0:21:00]} 29.
Bg4 {[%clk 0:00:38]} Bxg4 {[%clk 0:21:00]} 0-1

[Event "Campeonato España Sub 14"]
[Site "Salobreña"]
[Date "2017.07.21"]
[Round "7"]
[White "Eizaguerri Floris, Maria"]
[Black "Masague Artero, Guerau"]
[Result "1/2-1/2"]
[Board "5"]
[WhiteClock "1:30"]
[WhiteTitle "WFM"]
[WhiteElo "2075"]
[WhiteCountry "ESP"]
[WhiteFideId "32065752"]
[WhiteEloChange "-3"]
[BlackClock "1:30"]
[BlackElo "1965"]
[BlackCountry "ESP"]
[BlackFideId "32098952"]
[BlackEloChange "3"]

1. e4 {[%clk 1:30:00]} c5 {[%clk 1:30:00]} 2. c3 {[%clk 1:31:00]} Nf6 {[%clk
1:31:00]} 3. e5 {[%clk 1:31:00]} Nd5 {[%clk 1:31:00]} 4. Bc4 {[%clk 1:32:00]} e6
{[%clk 1:32:00]} 5. d4 {[%clk 1:32:00]} cxd4 {[%clk 1:32:00]} 6. cxd4 {[%clk
1:32:00]} Nc6 {[%clk 1:32:00]} 7. Nf3 {[%clk 1:33:00]} d6 {[%clk 1:33:00]} 8. Qe2
{[%clk 1:33:00]} Be7 {[%clk 1:33:00]} 9. O-O {[%clk 1:33:00]} O-O {[%clk
1:33:00]} 10. Rd1 {[%clk 1:33:00]} Qc7 {[%clk 1:21:00]} 11. Bd2 {[%clk 1:29:00]}
b6 {[%clk 1:17:00]} 12. Nc3 {[%clk 1:29:00]} Nxc3 {[%clk 1:17:00]} 13. Bxc3
{[%clk 1:30:00]} dxe5 {[%clk 1:18:00]} 14. dxe5 {[%clk 1:30:00]} Bb7 {[%clk
1:18:00]} 15. Rac1 {[%clk 1:28:00]} Rad8 {[%clk 1:17:00]} 16. Bd3 {[%clk
1:28:00]} Qb8 {[%clk 1:15:00]} 17. Qe4 {[%clk 1:24:00]} g6 {[%clk 1:15:00]} 18.
Qg4 {[%clk 1:24:00]} Rd7 {[%clk 1:01:00]} 19. Bb1 {[%clk 1:14:00]} Rxd1+ {[%clk
0:57:00]} 20. Rxd1 {[%clk 1:14:00]} Rd8 {[%clk 0:57:00]} 21. Re1 {[%clk 1:14:00]}
a5 {[%clk 0:46:00]} 22. h4 {[%clk 1:09:00]} Ba6 {[%clk 0:39:00]} 23. h5 {[%clk
1:03:00]} Qc8 {[%clk 0:34:00]} 24. Ng5 {[%clk 0:58:00]} Bxg5 {[%clk 0:29:00]} 25.
Qxg5 {[%clk 0:58:00]} Rd7 {[%clk 0:29:00]} 26. Be4 {[%clk 0:56:00]} Qd8 {[%clk
0:24:00]} 27. Qh6 {[%clk 0:51:00]} Ne7 {[%clk 0:22:00]} 28. Re3 {[%clk 0:49:00]}
Bd3 {[%clk 0:18:46]} 29. hxg6 {[%clk 0:48:00]} fxg6 {[%clk 0:19:05]} 30. Qh3
{[%clk 0:44:00]} Bc4 {[%clk 0:16:59]} 31. b3 {[%clk 0:45:00]} Rd1+ {[%clk
0:17:21]} 32. Kh2 {[%clk 0:43:00]} Bd5 {[%clk 0:17:44]} 33. Bf3 {[%clk 0:37:00]}
Rf1 {[%clk 0:15:12]} 34. Bxd5 {[%clk 0:36:00]} Nxd5 {[%clk 0:14:58]} 35. Qxe6+
{[%clk 0:34:00]} Kg7 {[%clk 0:11:07]} 36. Rf3 {[%clk 0:32:00]} Qh4+ {[%clk
0:10:43]} 37. Qh3 {[%clk 0:31:00]} Qxh3+ {[%clk 0:11:01]} 38. Kxh3 {[%clk
0:31:00]} Nxc3 {[%clk 0:11:17]} 39. Rxc3 {[%clk 0:31:00]} Rxf2 {[%clk 0:11:33]}
40. Rc7+ {[%clk 0:20:00]} Rf7 {[%clk 0:10:51]} 41. Rc6 {[%clk 0:20:00]} Re7
{[%clk 0:10:42]} 42. e6 {[%clk 0:10:54]} b5 {[%clk 0:10:48]} 43. Rb6 {[%clk
0:10:04]} b4 {[%clk 0:10:43]} 44. Ra6 {[%clk 0:07:57]} Kf6 {[%clk 0:10:15]} 45.
Rxa5 {[%clk 0:08:21]} Rxe6 {[%clk 0:10:36]} 46. Kg3 {[%clk 0:08:05]} Re4 {[%clk
0:08:21]} 47. Kf3 {[%clk 0:07:04]} Rd4 {[%clk 0:08:14]} 48. g4 {[%clk 0:06:34]}
h6 {[%clk 0:07:21]} 49. Kg3 {[%clk 0:05:50]} Re4 {[%clk 0:07:22]} 50. Ra4 {[%clk
0:05:18]} Kg5 {[%clk 0:05:05]} 51. Ra5+ {[%clk 0:05:31]} Kf6 {[%clk 0:05:29]} 52.
Rb5 {[%clk 0:04:49]} Ke6 {[%clk 0:03:33]} 53. Rb6+ {[%clk 0:04:15]} Kf7 {[%clk
0:03:59]} 54. Kf3 {[%clk 0:04:29]} Rd4 {[%clk 0:04:22]} 55. Ra6 {[%clk 0:04:44]}
Kg7 {[%clk 0:04:33]} 56. Ra4 {[%clk 0:04:42]} Kf6 {[%clk 0:04:41]} 57. a3 {[%clk
0:04:55]} Rd3+ {[%clk 0:04:59]} 58. Kf4 {[%clk 0:04:33]} bxa3 {[%clk 0:03:32]}
59. Ra6+ {[%clk 0:04:45]} Kf7 {[%clk 0:03:51]} 60. Rxa3 {[%clk 0:04:56]} Rd4+
{[%clk 0:04:07]} 61. Kg3 {[%clk 0:03:49]} Rb4 {[%clk 0:04:26]} 62. Kf3 {[%clk
0:03:52]} Kf6 {[%clk 0:04:49]} 63. Ra6+ {[%clk 0:03:29]} Kg5 {[%clk 0:04:54]} 64.
Ra5+ {[%clk 0:02:27]} Kh4 {[%clk 0:03:14]} 65. Ra3 {[%clk 0:01:59]} Kg5 {[%clk
0:03:36]} 66. Ra5+ {[%clk 0:02:17]} Kh4 {[%clk 0:03:51]} 67. Ra3 {[%clk 0:02:21]}
Kg5 {[%clk 0:04:09]} 68. Ra5+ {[%clk 0:02:21]} 1/2-1/2